[Event "AUT-chT2W 2122"]
[Site "Austria"]
[Date "2022.03.11"]
[Round "9.3"]
[White "Neukirchner, Pascal"]
[Black "Bezler, Rainer"]
[Result "1-0"]
[WhiteElo "2210"]
[BlackElo "2204"]
[PlyCount "43"]
[EventDate "2021.10.15"]
[EventType "team-tourn"]
[EventRounds "11"]
[EventCountry "AUT"]
[SourceTitle "EXT 2023"]
[Source "ChessBase"]
[SourceDate "2022.10.05"]
[SourceVersion "1"]
[SourceVersionDate "2022.10.05"]
[SourceQuality "1"]
[WhiteTeam "Schwarzach"]
[BlackTeam "Lustenau"]
[WhiteTeamCountry "AUT"]
[BlackTeamCountry "AUT"]

1. d4 d5 2. c4 c6 3. Nf3 Nf6 4. e3 Bf5 5. Nc3 e6 6. Nh4 Be4 7. f3 Bg6 8. Qb3 Qc7 9. Nxg6 hxg6 10. Bd2 Bd6 11. 0-0-0 Nbd7 12. cxd5 exd5 13. e4 Rxh2 14. Bd3 dxe4 15. fxe4 Rxh1 16. Rxh1 Bf8 17. e5 Ng4 18. e6 Nb6 19. exf7+ Qxf7 20. Qc2 0-0-0 21. Bxg6 Qf2 22. Qf5+ 1-0

[Event "AUT-chT2W 2021"]
[Site "Austria"]
[Date "2020.10.11"]
[Round "3.2"]
[White "Mittelberger, Peter"]
[Black "Bezler, Rainer"]
[Result "1/2-1/2"]
[WhiteElo "2176"]
[BlackElo "2196"]
[PlyCount "56"]
[EventDate "2020.10.09"]
[EventType "team-tourn"]
[EventRounds "11"]
[EventCountry "AUT"]
[SourceTitle "CBM 199 Extra"]
[Source "ChessBase"]
[SourceDate "2021.01.31"]
[SourceVersion "1"]
[SourceVersionDate "2021.01.31"]
[SourceQuality "1"]
[WhiteTeam "Hoerbranz"]
[BlackTeam "Lustenau"]
[WhiteTeamCountry "AUT"]
[BlackTeamCountry "AUT"]

1. c4 c5 2. Nc3 Nf6 3. g3 e6 4. Bg2 d5 5. d3 d4 6. Ne4 Be7 7. Nxf6+ Bxf6 8. b4 cxb4 9. a3 Be7 10. axb4 Bxb4+ 11. Bd2 Bxd2+ 12. Qxd2 0-0 13. Nf3 Nc6 14. 0-0 Qc7 15. Rfb1 Rb8 16. Qb2 Rd8 17. Nd2 Bd7 18. Bxc6 bxc6 19. Qxd4 c5 20. Qc3 Rxb1+ 21. Rxb1 a5 22. Qa3 a4 23. Ne4 Rc8 24. Nc3 Ra8 25. Nb5 Qb6 26. Nc3 Qc7 27. Nb5 Qb6 28. Nc3 Qc7 1/2-1/2

[Event "AUT-chT2W 1617"]
[Site "Austria"]
[Date "2016.11.27"]
[Round "6.2"]
[White "Bezler, Rainer"]
[Black "Besner, Bernhard"]
[Result "1/2-1/2"]
[WhiteElo "2234"]
[BlackElo "2141"]
[PlyCount "78"]
[EventDate "2016.10.28"]
[EventType "team-tourn"]
[EventRounds "11"]
[EventCountry "AUT"]
[SourceTitle "CBM 177 Extra"]
[Source "ChessBase"]
[SourceDate "2017.04.27"]
[SourceVersion "1"]
[SourceVersionDate "2017.04.27"]
[SourceQuality "1"]
[WhiteTeam "Bregenz II"]
[BlackTeam "Salzburg ASK"]
[WhiteTeamCountry "AUT"]
[BlackTeamCountry "AUT"]

1. d4 d5 2. c4 e6 3. Nf3 c5 4. cxd5 exd5 5. g3 Nc6 6. Bg2 Nf6 7. 0-0 c4 8. b3 cxb3 9. Qxb3 Be7 10. Nc3 0-0 11. Rd1 b6 12. Ne5 Na5 13. Qb2 Be6 14. Bf4 Rc8 15. h3 h6 16. g4 Nc4 17. Nxc4 Rxc4 18. e3 Qd7 19. Bf1 Rcc8 20. Ba6 Rcd8 21. Rac1 Bd6 22. Bxd6 Qxd6 23. Nb5 Qe7 24. Rc7 Rd7 25. Rdc1 Ne4 26. f3 Nc5 27. Rxd7 Bxd7 28. dxc5 Qxe3+ 29. Kg2 f5 30. Rc3 Qe1 31. c6 Be6 32. Nd4 fxg4 33. hxg4 Bxg4 34. Be2 Bh3+ 35. Kxh3 Qh1+ 36. Kg3 Qg1+ 37. Kh3 Qh1+ 38. Kg3 Qg1+ 39. Kh3 Qh1+ 1/2-1/2

[Event "AUT-chT2W 1617"]
[Site "Austria"]
[Date "2016.11.26"]
[Round "5.2"]
[White "Koepke, Christian"]
[Black "Bezler, Rainer"]
[Result "1/2-1/2"]
[WhiteElo "2305"]
[BlackElo "2234"]
[PlyCount "92"]
[EventDate "2016.10.28"]
[EventType "team-tourn"]
[EventRounds "11"]
[EventCountry "AUT"]
[SourceTitle "CBM 177 Extra"]
[Source "ChessBase"]
[SourceDate "2017.04.27"]
[SourceVersion "1"]
[SourceVersionDate "2017.04.27"]
[SourceQuality "1"]
[WhiteTeam "Kufstein/Woergl"]
[BlackTeam "Bregenz II"]
[WhiteTeamCountry "AUT"]
[BlackTeamCountry "AUT"]

1. e4 c5 2. Nf3 d6 3. Bb5+ Bd7 4. Bxd7+ Qxd7 5. c4 Nf6 6. d4 cxd4 7. Nxd4 Nc6 8. Nc3 g6 9. f3 Bg7 10. Be3 0-0 11. 0-0 Rac8 12. b3 Rfd8 13. Rc1 e6 14. Re1 d5 15. cxd5 exd5 16. Nxc6 bxc6 17. e5 Ne8 18. Bf2 Qc7 19. Bh4 f6 20. exf6 Nxf6 21. Na4 Re8 22. Qc2 Rxe1+ 23. Rxe1 c5 24. Bf2 d4 25. Qc4+ Qf7 26. Qxf7+ Kxf7 27. Rc1 Nd7 28. Kf1 Ke6 29. Re1+ Kd6 30. Bg3+ Be5 31. Nb2 Kd5 32. Nc4 Bf6 33. Re4 Rc6 34. Ke2 Re6 35. Kd3 Re7 36. Bf2 Re6 37. Bg3 Ra6 38. a4 Re6 39. Bf2 Re7 40. Bg3 Re6 41. Rxe6 Kxe6 42. Ke4 Bg7 43. Bh4 Bf6 44. Bg3 Bg7 45. Bh4 Bf6 46. Bg3 Bg7 1/2-1/2

[Event "AUT-chT2W 1516"]
[Site "Austria"]
[Date "2016.03.05"]
[Round "10.3"]
[White "Niedermair, Hannes"]
[Black "Bezler, Rainer"]
[Result "0-1"]
[WhiteElo "1997"]
[BlackElo "2215"]
[PlyCount "64"]
[EventDate "2015.10.16"]
[EventType "team-tourn"]
[EventRounds "11"]
[EventCountry "AUT"]
[SourceTitle "EXT 2017"]
[Source "ChessBase"]
[SourceDate "2016.10.25"]
[SourceVersion "1"]
[SourceVersionDate "2016.10.25"]
[SourceQuality "1"]
[WhiteTeam "Pradl"]
[BlackTeam "Bregenz"]
[WhiteTeamCountry "AUT"]
[BlackTeamCountry "AUT"]

1. b3 d5 2. Bb2 Nf6 3. e3 e6 4. f4 Be7 5. Nf3 0-0 6. d3 b5 7. Ne5 Bb7 8. Nd2 Nbd7 9. Ndf3 c5 10. Be2 a5 11. Nxd7 Nxd7 12. 0-0 a4 13. bxa4 Rxa4 14. c4 Qa5 15. cxb5 Rxa2 16. Qb3 Ra8 17. Rxa2 Qxa2 18. Qc3 Bf6 19. Ne5 Bxe5 20. fxe5 Qa4 21. d4 c4 22. Ra1 Qxb5 23. Rxa8+ Bxa8 24. Qa3 Bc6 25. Bc3 Qb3 26. Qa5 Qb6 27. Qa3 h6 28. Kf2 Qb3 29. Qa5 Qc2 30. Qd8+ Kh7 31. Bb4 c3 32. Qc7 Bb5 0-1

[Event "AUT-chT2W 1516"]
[Site "Austria"]
[Date "2015.10.16"]
[Round "1.5"]
[White "Bezler, Rainer"]
[Black "Hofer, Emilian"]
[Result "1/2-1/2"]
[WhiteElo "2215"]
[BlackElo "2219"]
[PlyCount "140"]
[EventDate "2015.10.16"]
[EventType "team-tourn"]
[EventRounds "11"]
[EventCountry "AUT"]
[SourceTitle "CBM 168 Extra"]
[Source "ChessBase"]
[SourceDate "2015.10.29"]
[SourceVersion "1"]
[SourceVersionDate "2015.10.29"]
[SourceQuality "1"]
[WhiteTeam "Bregenz"]
[BlackTeam "Hohenems II"]
[WhiteTeamCountry "AUT"]
[BlackTeamCountry "AUT"]

1. d4 d5 2. c4 c6 3. Nc3 Nf6 4. Nf3 dxc4 5. a4 Bf5 6. Ne5 Nbd7 7. Nxc4 Nb6 8. Ne5 a5 9. f3 Nfd7 10. Nxd7 Nxd7 11. e4 Bg6 12. Qb3 Qb6 13. Qxb6 Nxb6 14. Be3 e6 15. h4 h5 16. d5 Nd7 17. dxe6 fxe6 18. Bc4 Bc5 19. Bg5 Bf7 20. Rd1 Ne5 21. Bb3 0-0 22. Ke2 Rfe8 23. g3 Bg6 24. Bf4 Nf7 25. Rd7 b6 26. Rhd1 e5 27. Be3 Bxe3 28. Kxe3 Kf8 29. Rb7 Reb8 30. Rdd7 Rxb7 31. Rxb7 Nd8 32. Rxb6 Ke7 33. Ba2 Kd7 34. b4 Kc7 35. bxa5 Rxa5 36. Rb2 Nb7 37. Bg8 Nc5 38. Rb4 Ra8 39. Bc4 Kd6 40. Ba2 Kc7 41. Bc4 Kd6 42. Be2 Bf7 43. Bd1 Kc7 44. f4 Kd6 45. Ne2 Rd8 46. Ng1 Kc7 47. Bc2 Nd7 48. Nf3 Re8 49. Rb1 Bg8 50. Rf1 Bc4 51. Rf2 exf4+ 52. gxf4 Nf6 53. Rg2 Ng4+ 54. Kd4 Be6 55. f5 Rd8+ 56. Kc3 Bc8 57. Nh2 Nxh2 58. Rxh2 Re8 59. Rg2 Re7 60. Rg6 Bd7 61. Kd4 Be8 62. Rg1 Kd6 63. e5+ Rxe5 64. Rxg7 c5+ 65. Kc3 Bxa4 66. Rg6+ Ke7 67. Bxa4 Rxf5 68. Rg5 Rf4 69. Rxc5 Rxa4 70. Rxh5 Kf6 1/2-1/2

[Event "AUT-chT2W 1415"]
[Site "Austria"]
[Date "2014.11.29"]
[Round "4.2"]
[White "Bezler, Rainer"]
[Black "Rusche, Johannes"]
[Result "0-1"]
[WhiteElo "2227"]
[BlackElo "2253"]
[PlyCount "102"]
[EventDate "2014.10.10"]
[EventType "team-tourn"]
[EventRounds "11"]
[EventCountry "AUT"]
[SourceTitle "CBM 163 Extra"]
[Source "ChessBase"]
[SourceDate "2014.12.23"]
[SourceVersion "1"]
[SourceVersionDate "2014.12.23"]
[SourceQuality "1"]
[WhiteTeam "Bregenz"]
[BlackTeam "Kufstein/Woergl"]
[WhiteTeamCountry "AUT"]
[BlackTeamCountry "AUT"]

1. d4 Nf6 2. c4 c5 3. Nf3 cxd4 4. Nxd4 b6 5. Nc3 Bb7 6. f3 e6 7. e4 Nc6 8. Be3 Bb4 9. Qb3 Qe7 10. Be2 0-0 11. Nxc6 Bxc6 12. e5 Ne8 13. 0-0 Bc5 14. Nd1 f6 15. exf6 Nxf6 16. Kh1 Nh5 17. Rf2 Qh4 18. Kg1 Nf4 19. Bf1 Bd6 20. Rd2 Bc7 21. Nf2 Ng6 22. Nh3 Ne5 23. Rf2 Rf5 24. Rd1 Raf8 25. Rd4 Qf6 26. Rf4 Rxf4 27. Bxf4 Nxf3+ 28. Rxf3 Bxf3 29. Bxc7 Qd4+ 30. Nf2 Bxg2 31. Bg3 Bxf1 32. Kxf1 Rc8 33. Qa3 Qxc4+ 34. Kg2 Qd5+ 35. Kh3 Qh5+ 36. Kg2 Qd5+ 37. Kh3 a5 38. Qe3 Qh5+ 39. Kg2 Qd5+ 40. Kh3 b5 41. a3 Qf5+ 42. Kg2 Qd5+ 43. Kh3 h5 44. Be5 d6 45. Bc3 Rf8 46. Kg3 b4 47. axb4 axb4 48. Bxb4 h4+ 49. Kxh4 Rf3 50. Qe2 g6 51. Bxd6 Qh5# 0-1

[Event "Liechtenstein op 32nd"]
[Site "Triesen"]
[Date "2014.05.27"]
[Round "5"]
[White "Bezler, Rainer"]
[Black "Benes, Petr1111"]
[Result "1-0"]
[WhiteElo "2220"]
[BlackElo "2049"]
[PlyCount "47"]
[EventDate "2014.05.23"]
[EventType "swiss"]
[EventRounds "9"]
[EventCountry "LIE"]
[SourceTitle "CBM 160 Extra"]
[Source "ChessBase"]
[SourceDate "2014.07.01"]
[SourceVersion "1"]
[SourceVersionDate "2014.07.01"]
[SourceQuality "1"]

1. d4 Nf6 2. c4 g6 3. Nc3 d5 4. cxd5 Nxd5 5. e4 Nxc3 6. bxc3 Bg7 7. Be3 c5 8. Rc1 0-0 9. Nf3 Bg4 10. Be2 cxd4 11. cxd4 Qa5+ 12. Qd2 Qxd2+ 13. Nxd2 Bxe2 14. Kxe2 e6 15. Rc7 Nc6 16. Nf3 f5 17. e5 Rfc8 18. Rxb7 Na5 19. Re7 Rc2+ 20. Kd3 Rxa2 21. Rc1 Bf8 22. Rxe6 Rb8 23. Ra6 Rb3+ 24. Rc3 1-0

[Event "Liechtenstein op 32nd"]
[Site "Triesen"]
[Date "2014.05.25"]
[Round "3"]
[White "Bezler, Rainer"]
[Black "Cherniaev, Alexander"]
[Result "0-1"]
[WhiteElo "2220"]
[BlackElo "2429"]
[PlyCount "130"]
[EventDate "2014.05.23"]
[EventType "swiss"]
[EventRounds "9"]
[EventCountry "LIE"]
[SourceTitle "CBM 160 Extra"]
[Source "ChessBase"]
[SourceDate "2014.07.01"]
[SourceVersion "1"]
[SourceVersionDate "2014.07.01"]
[SourceQuality "1"]

1. d4 Nf6 2. c4 g6 3. Nc3 Bg7 4. e4 d6 5. Nf3 0-0 6. Be2 Nbd7 7. 0-0 e5 8. d5 a5 9. Bg5 h6 10. Bh4 Nc5 11. Qc2 Bd7 12. Nd2 c6 13. b3 Qb6 14. Kh1 cxd5 15. Bxf6 Bxf6 16. Nxd5 Qd8 17. Nxf6+ Qxf6 18. Nb1 Bc6 19. Nc3 h5 20. Rad1 h4 21. h3 Rad8 22. a3 Ne6 23. b4 b6 24. Qd2 axb4 25. axb4 Nd4 26. f4 Nxe2 27. Qxe2 exf4 28. Nd5 Bxd5 29. Rxd5 Rfe8 30. Qd2 f3 31. gxf3 Rxe4 32. c5 Rf4 33. Rxd6 Rxd6 34. Qxd6 Qxd6 35. cxd6 Rd4 36. Rc1 Rxd6 37. Rc4 g5 38. f4 f6 39. fxg5 fxg5 40. Kg2 Rf6 41. Rc7 Rf4 42. Rc6 Rxb4 43. Rg6+ Kf7 44. Rxg5 Ke6 45. Rh5 Kd6 46. Kf2 Kc6 47. Ke2 b5 48. Rh6+ Kc5 49. Rh5+ Kb6 50. Kd2 Rc4 51. Kd3 Ka5 52. Kd2 Ka4 53. Kd3 Kb4 54. Kd2 Ka4 55. Kd3 Ka5 56. Ke2 Rb4 57. Kd2 Ka4 58. Rh8 Rc4 59. Rh5 Kb4 60. Rf5 Ka5 61. Rh5 Rb4 62. Rh8 Rf4 63. Ke3 Rc4 64. Kd3 Kb4 65. Rh5 Rc3+ 0-1

[Event "AUT-chT2W 1314"]
[Site "Austria"]
[Date "2013.10.20"]
[Round "3.2"]
[White "Braeuer, Franz"]
[Black "Bezler, Rainer"]
[Result "1-0"]
[WhiteElo "2297"]
[BlackElo "2225"]
[PlyCount "75"]
[EventDate "2013.10.18"]
[EventType "team-tourn"]
[EventRounds "11"]
[EventCountry "AUT"]
[SourceTitle "EXT 2014"]
[Source "ChessBase"]
[SourceDate "2013.11.20"]
[SourceVersion "1"]
[SourceVersionDate "2013.11.20"]
[SourceQuality "1"]
[WhiteTeam "Rum Rochade"]
[BlackTeam "Bregenz"]
[WhiteTeamCountry "AUT"]
[BlackTeamCountry "AUT"]

1. e4 d6 2. Nc3 Nf6 3. Bc4 c6 4. Bb3 b5 5. d3 e5 6. f4 Be7 7. Nf3 Nbd7 8. a3 0-0 9. 0-0 Qc7 10. Qe1 Nc5 11. Ba2 Be6 12. Bxe6 Nxe6 13. f5 Nc5 14. g4 Nxg4 15. Qg3 Nf6 16. Bh6 Ne8 17. h4 Kh8 18. Bg5 a6 19. Kh1 Bf6 20. b4 Na4 21. Nxa4 bxa4 22. Rg1 Rg8 23. Nh2 Bd8 24. Ng4 f6 25. Bd2 Qf7 26. Rg2 Bb6 27. Be3 Bxe3 28. Qxe3 a5 29. bxa5 Rxa5 30. Qb6 Qc7 31. Rb1 Ra8 32. Ne3 Rf8 33. Qxc7 Nxc7 34. Rb7 Rf7 35. Nc4 Rd8 36. Nxd6 Rfd7 37. Rg1 Nb5 38. Nf7+ 1-0

[Event "AUT-ch"]
[Site "Feldkirch"]
[Date "2013.07.28"]
[Round "9"]
[White "Bezler, Rainer"]
[Black "Spiesberger, Gerhard"]
[Result "1-0"]
[WhiteElo "2217"]
[BlackElo "2077"]
[PlyCount "119"]
[EventDate "2013.07.20"]
[EventType "swiss"]
[EventRounds "9"]
[EventCountry "AUT"]
[SourceTitle "CBM 155 Extra"]
[Source "ChessBase"]
[SourceDate "2013.08.26"]
[SourceVersion "1"]
[SourceVersionDate "2013.08.26"]
[SourceQuality "1"]

1. d4 Nf6 2. Nf3 e6 3. g3 Nc6 4. Bg2 Be7 5. 0-0 d6 6. c4 0-0 7. Nc3 e5 8. h3 h6 9. e4 Nh7 10. d5 Nb8 11. Ne1 f5 12. Nd3 fxe4 13. Nxe4 Ng5 14. Kh2 Bf5 15. Nc3 Nd7 16. f4 Bxd3 17. Qxd3 exf4 18. Bxf4 Bf6 19. Rae1 Be5 20. b3 Bxf4 21. gxf4 Nf7 22. Ne2 Qh4 23. Nd4 Nc5 24. Qd2 Rfe8 25. b4 Nd7 26. Ne6 Rac8 27. Rf3 Re7 28. Rg3 Nd8 29. f5 Ne5 30. Re4 Qf6 31. Rf4 Rf7 32. c5 b6 33. Rf1 bxc5 34. bxc5 Nb7 35. c6 Nc5 36. Qa5 a6 37. Nxc5 dxc5 38. Qxc5 Re7 39. Qa7 Rce8 40. Qxa6 Nf7 41. Rg6 Qe5+ 42. Kh1 Ng5 43. d6 cxd6 44. f6 Rf7 45. Qc4 Ne6 46. Rc1 Qf5 47. Rg3 Qxf6 48. Bd5 Rfe7 49. c7 Rc8 50. Re1 Rcxc7 51. Bxe6+ Kh8 52. Qe4 Re8 53. Rg6 Qc3 54. Reg1 Rce7 55. Qf5 d5 56. Bf7 Rxf7 57. Qh5 Rf3 58. Rxh6+ Kg8 59. Qxe8+ Rf8 60. Qe6+ 1-0